| 000 -LEADER |
| fixed length control field |
01770 a2200313 4500 |
| 003 - CONTROL NUMBER IDENTIFIER |
| control field |
Nust |
| 005 - DATE AND TIME OF LATEST TRANSACTION |
| control field |
20221031122042.0 |
| 010 ## - LIBRARY OF CONGRESS CONTROL NUMBER |
| LC control number |
2006286109 |
| 020 ## - INTERNATIONAL STANDARD BOOK NUMBER |
| International Standard Book Number |
0852961588 |
| 035 ## - SYSTEM CONTROL NUMBER |
| System control number |
(OCoLC)57319158 |
| 035 ## - SYSTEM CONTROL NUMBER |
| System control number |
(OCoLC)ocm57319158 |
| 040 ## - CATALOGING SOURCE |
| Transcribing agency |
Nust |
| 082 04 - DEWEY DECIMAL CLASSIFICATION NUMBER |
| Classification number |
621.31913,ADV |
| 245 00 - TITLE STATEMENT |
| Title |
Advances in high voltage engineering / |
| Statement of responsibility, etc. |
edited by A. Haddad and D.F. Warne. |
| 260 ## - PUBLICATION, DISTRIBUTION, ETC. |
| Place of publication, distribution, etc. |
London : |
| Name of publisher, distributor, etc. |
Institution of Electrical Engineers, |
| Date of publication, distribution, etc. |
c2004. |
| 300 ## - PHYSICAL DESCRIPTION |
| Extent |
xx, 647 p. : |
| Other physical details |
ill. ; |
| Dimensions |
25 cm. |
| 440 #0 - SERIES STATEMENT/ADDED ENTRY--TITLE |
| Title |
IEE power and energy series ; |
| Volume/sequential designation |
40 |
| 9 (RLIN) |
96390 |
| 505 00 - FORMATTED CONTENTS NOTE |
| Title |
Mechanisms of air breakdown (Page-1), SF[subscript 6] insulation systems and their monitoring (Page-37), Lightning phenomena and protection systems (Page77), Partial discharges and their measurement (Page-139), ZnO surge arresters (Page-191), Insulators for outdoor applications (Page-257),Overvoltages and insulation coordination on transmission networks (Page-309), Earthing (Page-349), Circuit breakers and interruption (Page-415), Polymer insulated power cable (Page-477), Numerical analysis of electrical fields in high voltage equipment (Page-511), Optical measurement and monitoring in high voltage environments (Page-545), Pulsed power - principles and applications(Page-591), |
| 650 #0 - SUBJECT ADDED ENTRY--TOPICAL TERM |
| Topical term or geographic name entry element |
Alta tens䡯. |
| 9 (RLIN) |
101941 |
| 650 #0 - SUBJECT ADDED ENTRY--TOPICAL TERM |
| Topical term or geographic name entry element |
Engenharia el⥴rica. |
| 9 (RLIN) |
101942 |
| 650 #0 - SUBJECT ADDED ENTRY--TOPICAL TERM |
| Topical term or geographic name entry element |
High voltages. |
| 9 (RLIN) |
100584 |
| 650 #0 - SUBJECT ADDED ENTRY--TOPICAL TERM |
| Topical term or geographic name entry element |
Telecommunication Engineering |
| 700 1# - ADDED ENTRY--PERSONAL NAME |
| Personal name |
Haddad, A. |
| 9 (RLIN) |
101943 |
| 700 1# - ADDED ENTRY--PERSONAL NAME |
| Personal name |
Warne, D. F. |
| 9 (RLIN) |
101944 |
| 710 2# - ADDED ENTRY--CORPORATE NAME |
| Corporate name or jurisdiction name as entry element |
Institution of Electrical Engineers. |
| 856 42 - ELECTRONIC LOCATION AND ACCESS |
| Materials specified |
Publisher description |
| Uniform Resource Identifier |
<a href="http://www.loc.gov/catdir/enhancements/fy0651/2006286109-d.html">http://www.loc.gov/catdir/enhancements/fy0651/2006286109-d.html</a> |
| 856 42 - ELECTRONIC LOCATION AND ACCESS |
| Materials specified |
Table of contents only |
| Uniform Resource Identifier |
<a href="http://www.loc.gov/catdir/enhancements/fy0651/2006286109-t.html">http://www.loc.gov/catdir/enhancements/fy0651/2006286109-t.html</a> |
| 942 ## - ADDED ENTRY ELEMENTS (KOHA) |
| Koha item type |
Reference |
| Source of classification or shelving scheme |
|